01303nam a22002057a 4500003000900000005001700009008004100026040001300067110009200080245018100172260004600353300004000399500028300439650005700722651005300779856013000832942002300962999001300985952009900998BR-ViAPE20260511115918.0260511s1923 por gss|||f001 0 por d cBR-ViAPE aMinistério da Agricultura, Indústria e ComérciobDiretoria Geral de Estatística aRecenseamento do Brasil, realizado em 1 de setembro de 1920: brelação dos proprietários dos estabelecimentos recenseados no Estado do Espírito Santo - Afonso Cláudio aRio de JaneirobTyp. da Estatisticac1923 a13 p.bDocumento digitalizado (PDF) aDocumento integrante do Recenseamento do Brasil de 1920, contendo levantamento estatístico e nominal de estabelecimentos rurais do município de Afonso Cláudio (ES).aDocumento digitalizado do acervo institucional do Arquivo Público do Estado do Espírito Santo - APEES. aPropriedade ruralxHistóriazAfonso Cláudio (ES) aAfonso Cláudio (ES)zEspírito Santo (Brasil) uhttps://ape.es.gov.br/Media/ape/PDF/Recenseamento/Recenseamento_1920_Afonso_Claudio.pdfyCLIQUE AQUI PARA ACESSAR O DOCUMENTO 2ddccOBRAS_RARAn1 c630d630 002ddc4070aBIB.APEESbBIB.APEESd2026-05-11l0r2026-05-11 11:59:20w2026-05-11yOBRAS_RARA